| 000 | 01288cam a22002654a 4500 | ||
|---|---|---|---|
| 001 | gs 40000301 | ||
| 003 | DLC | ||
| 005 | 20260227111346.0 | ||
| 008 | 850906s1939 sa b f000 0 eng c | ||
| 010 | _ags 40000301 | ||
| 035 | _a(OCoLC)12499934 | ||
| 040 |
_aU. S. Geol. Survey. Libr. _cTxHR _dOCoLC _dDLC |
||
| 042 | _apremarc | ||
| 050 | 0 | 0 |
_aQE324 _b.A3 no. 37 |
| 100 | 1 |
_aHall, A. L. _q(Arthur Lewis), _d1872-1955. |
|
| 245 | 1 | 2 |
_aA subject index to the literature of South African geology and mineral resources for the years 1921 to 1935 (inclusive) : _bA companion volume to Memoirs 25, 27, and 30 (Bibliographies 1921-1935, Authors' index) / _cby A. L. Hall. |
| 260 |
_aPretoria : _bGovt. Printer, _c1939. |
||
| 300 |
_a288 p. ; _c24 cm. |
||
| 490 | 1 |
_aGeological Survey memoir ; _vno. 37 |
|
| 500 | _aAt head of title: Union of South Africa, Department of Mines. | ||
| 501 |
_aWith: The geology of the country around Bethlehem and Kestell with special reference to oil indications / by O.R. van Eeden. Pretoria : Govt. Printer, 1937. Bound together subsequent to publication. _5DLC |
||
| 650 | 0 |
_aGeology _zSouth Africa _vBibliography. |
|
| 650 | 0 |
_aMines and mineral resources _zSouth Africa _vBibliography. |
|
| 830 | 0 |
_aMemoir (Geological Survey (South Africa)) ; _vno. 37. |
|
| 999 |
_c27662 _d27662 |
||